1173 1682 1904 1242 1386 1919 1545 1038 1064 1328 1294 1115 1361 1081 1198 1360 1382 1705 1647 1185 1304 1705 1651 1130 1746 1001 1799 1472 1646 1238 1109 1214 1640 1776 1868 1321 1066 1021 1769 1432 1610 1555 1550 1568 1581 1038 1404 1180 1173 1331 1919 1212 1678 1702 1386 1962 1567 1404 1543 1312 1778 1813 1603 1226 1951 1817 1209 1854 1263 1333 1689 1645 1811 1373 1021 1477 1034 1982 1283 1414 1765 1102 1259 1861 1511 1171 1488 1456 1865 1653 1514 1686 1420 1186 1875 1937 1831 1612 1996 BCNSPRNW ULIB Ver.6.0+V

เปลี่ยนเป็นภาษาไทย

Change to English
 แสดงรายละเอียดบรรณานุกรม
  กลับหน้าหลัก

Brief Record : Get Marc (ISO 2709) : E-mail record : QR code < ปิดหน้าต่าง
LEADER : 00000nam 2200000uu 4500
001    13399126702
003     ULIB
008    190214s2561||||th 000 0 tha d
020    ^a9786169262497
060    ^aWB320^bก47ว
100    ^aกุลภา ศรีสวัสดิ์,บรรณาธิการ
245    ^aเวชศาสตร์ฟื้นฟูในปัญหาที่พบบ่อย/^bกุลภา ศรีสวัสดิ์,บรรณาธิการ
250    ^aพิมพ์ครั้งที่ 1
260    ^aกรุงเทพฯ :^bคณะแพทยศาสตร์ศิริราชพยาบาล มหาวิทยาลัยมหิดล,^c2561
300    ^a374 หน้า
650    ^aการฟื้นฟูสมรรถภาพ
945    ^p450^l0^i27033
945    ^p450^l0^i27032
945    ^p450^l0^i27031
945    ^p450^l0^i27030
945    ^p450^l0^i27029
999    ^aกัณชพร จุลอักษร
รายการนี้ยังไม่มีแท็ก
คุณยังไม่ได้ล็อกอิน คุณสามารถมีกิจกรรมร่วมกับเว็บไซต์ได้ แต่ต้องล็อกอินก่อน ::
  ล็อกอิน

รายการสื่อสารสนเทศ

ลำดับที่ ประเภท เลขเรียก/บาร์โค้ด สถานที่ สถานะ
1. หนังสือสำรอง
หนังสือสำรอง
WB320 ก47ว ฉ.1 
  Barcode: 27029
ห้องสมุดวิทยาเขตนครสวรรค์
►หนังสือทั่วไป:l:General Books
บนชั้น
2. วิทยาศาสตร์การแพทย์ และสุขภาพ
วิทยาศาสตร์การแพทย์ และสุขภาพ
WB320 ก47ว ฉ.2 
  Barcode: 27030
ห้องสมุดวิทยาเขตนครสวรรค์
►หนังสือทั่วไป:l:General Books
บนชั้น
3. วิทยาศาสตร์การแพทย์ และสุขภาพ
วิทยาศาสตร์การแพทย์ และสุขภาพ
WB320 ก47ว ฉ.3 
  Barcode: 27031
ห้องสมุดวิทยาเขตนครสวรรค์
►หนังสือทั่วไป:l:General Books
บนชั้น
4. วิทยาศาสตร์การแพทย์ และสุขภาพ
วิทยาศาสตร์การแพทย์ และสุขภาพ
WB320 ก47ว ฉ.4 
  Barcode: 27032
ห้องสมุดวิทยาเขตนครสวรรค์
►หนังสือทั่วไป:l:General Books
บนชั้น
5. วิทยาศาสตร์การแพทย์ และสุขภาพ
วิทยาศาสตร์การแพทย์ และสุขภาพ
WB320 ก47ว ฉ.5 
  Barcode: 27033
ห้องสมุดวิทยาเขตนครสวรรค์
►หนังสือทั่วไป:l:General Books
บนชั้น

รายการใกล้เคียง
    ผู้แต่ง [กุลภา ศรีสวัสดิ์,บรรณาธิการ]

    หัวเรื่อง [การฟื้นฟูสมรรถภาพ]

BibComment


ยังไม่เคยถูกคอมเมนท์

คอมเมนท์ทรัพยากรรายการนี้
  คอมเมนท์: เวชศาสตร์ฟื้นฟูใ..


 Copyright 2026. Bcnsprnw @Library